Miesto logistiky v súčasnom podniku

Význam logistiky pri dosahovaní cieľov podniku v oblasti kvality zákazníckeho servisu a pri podpore spokojnosti zákazníkov. Logistika ako účinný nástroj konkurenčnej výhody. Logistika hrá kľúčovú výhodu vo všetkých aktivitách spojených s fungovaním celého dodávateľského reťazca. Vzájomná spolupráca...

ver descrição completa

Na minha lista:
Detalhes bibliográficos
Autor principal: Pisárová, Silvia
Formato: Capítulo de Livro
Idioma:eslovaco
Assuntos:
Tags: Adicionar Tag
Sem tags, seja o primeiro a adicionar uma tag!

MARC

LEADER 00000naa$a2200000$$$4500
001 0018689
005 20240502071407.0
041 0 |a slo 
044 |a SK 
245 1 0 |a Miesto logistiky v súčasnom podniku 
520 |a Význam logistiky pri dosahovaní cieľov podniku v oblasti kvality zákazníckeho servisu a pri podpore spokojnosti zákazníkov. Logistika ako účinný nástroj konkurenčnej výhody. Logistika hrá kľúčovú výhodu vo všetkých aktivitách spojených s fungovaním celého dodávateľského reťazca. Vzájomná spolupráca medzi logistikou a inými marketingovými aktivitami. Zvyšovanie dopytu po skúsených odborníkoch na logistiku. 
610 2 0 |a logistika 
610 2 0 |a podnik 
610 2 0 |a kvalita 
610 2 0 |a nástroje marketingové 
610 2 0 |a výhody konkurenčné 
610 2 0 |a spokojnosť zákazníkov 
100 1 |a Pisárová, Silvia